000 00529nam a2200193Ia 4500
005 20250508151932.0
008 008 250505s9999 xx 000 0 eng d
037 _aTextual
040 _aFEDL
_beng
_cFEDL
041 _aeng
_2eng
084 _a370.947, WIL
_qFEDL
100 _aWilson Lucy L W
_9760408
245 0 _aNew schools of new Russia
260 _aNew York, USA
_bVanguard Press
_c1928
300 _axxiii,230p
650 _aEducation
942 _cTEXL
_h370.947, WIL
999 _c1333074
_d1333074